000 00851nam a2200217Ia 4500
003 OSt
005 20250421151848.0
008 191128t2014 sp er 000 f spa d
020 _a9788420415994
040 _aCO-JMCR
_cCO-JMCR
041 _aspa
082 0 4 _aA-N
_bPAZi
100 1 _aPaz Soldán, Edmundo,
_eautor
_97760
245 1 0 _aIris /
_cEdmundo Paz Soldán
260 1 4 _aMadrid :
_bAlfaguara,
_c©2014
300 _a367 páginas ;
_c24 cm.
500 _aIncluye datos biográficos del autor en la solapa
520 _aEn un futuro no muy lejano, en una región tóxica llamada Iris se encuentra el Perímetro, territorio de las fuerzas colonizadoras. En el Perímetro vivien Xavier, un soldado que debe lidiar con una traumática herida de combate, y el capitán Reynolds
650 1 4 _aLibertad en la literatura
_97761
942 _2ddc
_cBK
999 _c4535
_d4535